[Event "25th 4NCL Congress"]
[Site "Leamington Spa, United Kingdom"]
[Date "2021.07.10"]
[Round "3.14"]
[White "Stubbs, Oliver"]
[Black "James, Russell A"]
[Result "1/2-1/2"]
[TimeControl "All moves in 90 minutes + 30 seconds per move"]
[WhiteElo "1905"]
[BlackElo "2147"]

1. d4 {[%clk 01:30:57]} {[%emt 00:00:01]} Nf6 {[%clk 01:30:55]} {[%emt
00:00:06]} 2. Nf3 {[%clk 01:31:24]} {[%emt 00:00:04]} g6 {[%clk 01:31:18]}
{[%emt 00:00:06]} 3. Bf4 {[%clk 01:31:41]} {[%emt 00:00:13]} Bg7 {[%clk
01:31:11]} {[%emt 00:00:37]} 4. e3 {[%clk 01:32:03]} {[%emt 00:00:08]} d6
{[%clk 01:28:58]} {[%emt 00:02:42]} 5. h3 {[%clk 01:32:26]} {[%emt 00:00:08]}
O-O {[%clk 01:29:06]} {[%emt 00:00:22]} 6. Be2 {[%clk 01:32:34]} {[%emt
00:00:23]} c5 {[%clk 01:29:19]} {[%emt 00:00:17]} 7. O-O {[%clk 01:32:58]}
{[%emt 00:00:06]} Nc6 {[%clk 01:19:44]} {[%emt 00:10:05]} 8. c3 {[%clk
01:26:30]} {[%emt 00:06:57]} cxd4 {[%clk 01:02:19]} {[%emt 00:17:55]} 9. exd4
{[%clk 01:26:38]} {[%emt 00:00:21]} Nd5 {[%clk 01:02:11]} {[%emt 00:00:38]} 10.
Bh2 {[%clk 01:26:47]} {[%emt 00:00:21]} e5 {[%clk 00:57:02]} {[%emt 00:05:40]}
11. Nbd2 {[%clk 01:23:54]} {[%emt 00:03:23]} Bf5 {[%clk 00:50:46]} {[%emt
00:06:46]} 12. Nc4 {[%clk 01:18:10]} {[%emt 00:06:14]} Re8 {[%clk 00:43:52]}
{[%emt 00:07:23]} 13. Re1 {[%clk 01:17:32]} {[%emt 00:01:08]} b5 {[%clk
00:35:13]} {[%emt 00:09:10]} 14. Ne3 {[%clk 01:15:13]} {[%emt 00:02:49]} Nxe3
{[%clk 00:34:11]} {[%emt 00:01:31]} 15. fxe3 {[%clk 01:15:36]} {[%emt
00:00:06]} Qb6 {[%clk 00:31:15]} {[%emt 00:03:27]} 16. Qb3 {[%clk 01:12:30]}
{[%emt 00:03:36]} Rab8 {[%clk 00:22:40]} {[%emt 00:09:05]} 17. Kh1 {[%clk
01:04:52]} {[%emt 00:08:08]} a5 {[%clk 00:12:54]} {[%emt 00:10:15]} 18. Ng5
{[%clk 00:57:49]} {[%emt 00:07:33]} Rb7 {[%clk 00:10:56]} {[%emt 00:02:29]} 19.
e4 {[%clk 00:56:02]} {[%emt 00:02:16]} a4 {[%clk 00:08:43]} {[%emt 00:02:43]}
20. Qd1 {[%clk 00:49:59]} {[%emt 00:06:33]} Bc8 {[%clk 00:08:08]} {[%emt
00:01:05]} 21. d5 {[%clk 00:50:01]} {[%emt 00:00:27]} Na5 {[%clk 00:08:04]}
{[%emt 00:00:35]} 22. b4 {[%clk 00:36:16]} {[%emt 00:14:15]} axb3 {[%clk
00:04:52]} {[%emt 00:03:41]} 23. axb3 {[%clk 00:36:38]} {[%emt 00:00:08]} Qc7
{[%clk 00:04:44]} {[%emt 00:00:38]} 1/2-1/2

[Event "25th 4NCL Congress"]
[Site "Leamington Spa, United Kingdom"]
[Date "2021.07.10"]
[Round "3.15"]
[White "Zhu, Yaoyao"]
[Black "Arnott, Jonathan W"]
[Result "1/2-1/2"]
[TimeControl "All moves in 90 minutes + 30 seconds per move"]
[WhiteElo "1859"]
[BlackElo "2128"]

1. e4 {[%clk 01:30:56]} {[%emt 00:00:04]} e6 {[%clk 01:30:58]} {[%emt
00:00:03]} 2. d3 {[%clk 01:31:23]} {[%emt 00:00:03]} d5 {[%clk 01:31:22]}
{[%emt 00:00:06]} 3. Nd2 {[%clk 01:31:44]} {[%emt 00:00:09]} Nf6 {[%clk
01:31:49]} {[%emt 00:00:03]} 4. Ngf3 {[%clk 01:32:03]} {[%emt 00:00:11]} Bc5
{[%clk 01:32:14]} {[%emt 00:00:05]} 5. d4 {[%clk 01:24:47]} {[%emt 00:07:46]}
Be7 {[%clk 01:32:37]} {[%emt 00:00:07]} 6. exd5 {[%clk 01:24:46]} {[%emt
00:00:31]} exd5 {[%clk 01:32:14]} {[%emt 00:00:54]} 7. Bd3 {[%clk 01:24:52]}
{[%emt 00:00:24]} O-O {[%clk 01:31:52]} {[%emt 00:00:51]} 8. O-O {[%clk
01:19:24]} {[%emt 00:05:58]} Bg4 {[%clk 01:31:45]} {[%emt 00:00:36]} 9. c3
{[%clk 01:18:01]} {[%emt 00:01:54]} c5 {[%clk 01:29:43]} {[%emt 00:02:32]} 10.
dxc5 {[%clk 01:16:10]} {[%emt 00:02:21]} Bxc5 {[%clk 01:28:57]} {[%emt
00:01:16]} 11. Nb3 {[%clk 01:07:47]} {[%emt 00:08:54]} Bb6 {[%clk 01:29:21]}
{[%emt 00:00:05]} 12. Nbd4 {[%clk 00:56:59]} {[%emt 00:11:18]} Nc6 {[%clk
01:29:11]} {[%emt 00:00:40]} 13. Qa4 {[%clk 00:52:39]} {[%emt 00:04:51]} Nxd4
{[%clk 01:23:12]} {[%emt 00:06:29]} 14. Nxd4 {[%clk 00:53:01]} {[%emt
00:00:09]} Ne4 {[%clk 01:23:10]} {[%emt 00:00:31]} 15. f3 {[%clk 00:47:34]}
{[%emt 00:05:57]} Nc5 {[%clk 01:22:04]} {[%emt 00:01:36]} 16. Bxh7+ {[%clk
00:47:38]} {[%emt 00:00:26]} Kxh7 {[%clk 01:13:07]} {[%emt 00:09:26]} 17. Qc2+
{[%clk 00:47:57]} {[%emt 00:00:11]} Kg8 {[%clk 01:12:16]} {[%emt 00:01:21]} 18.
fxg4 {[%clk 00:48:00]} {[%emt 00:00:27]} Ne6 {[%clk 01:12:41]} {[%emt
00:00:04]} 19. Be3 {[%clk 00:46:46]} {[%emt 00:01:46]} Rc8 {[%clk 01:12:15]}
{[%emt 00:00:56]} 20. Qf2 {[%clk 00:40:40]} {[%emt 00:06:36]} Nxd4 {[%clk
00:57:27]} {[%emt 00:15:18]} 21. Bxd4 {[%clk 00:40:59]} {[%emt 00:00:11]} Rc6
{[%clk 00:57:31]} {[%emt 00:00:25]} 22. Bxb6 {[%clk 00:37:51]} {[%emt
00:03:39]} Rxb6 {[%clk 00:55:26]} {[%emt 00:02:34]} 23. Rad1 {[%clk 00:37:21]}
{[%emt 00:01:00]} Qg5 {[%clk 00:55:05]} {[%emt 00:00:51]} 24. h3 {[%clk
00:36:36]} {[%emt 00:01:15]} Qe5 {[%clk 00:44:49]} {[%emt 00:10:46]} 25. Rde1
{[%clk 00:32:43]} {[%emt 00:04:23]} Qc7 {[%clk 00:41:49]} {[%emt 00:03:29]} 26.
Re3 {[%clk 00:19:04]} {[%emt 00:14:11]} Rf6 {[%clk 00:34:18]} {[%emt 00:08:01]}
27. Rf3 {[%clk 00:19:11]} {[%emt 00:00:23]} Rxf3 {[%clk 00:34:43]} {[%emt
00:00:05]} 28. Qxf3 {[%clk 00:19:36]} {[%emt 00:00:05]} Qc4 {[%clk 00:33:53]}
{[%emt 00:01:18]} 29. b3 {[%clk 00:17:56]} {[%emt 00:02:11]} Qc5+ {[%clk
00:33:53]} {[%emt 00:00:30]} 30. Kh1 {[%clk 00:17:10]} {[%emt 00:01:16]} b5
{[%clk 00:32:12]} {[%emt 00:02:12]} 31. Rd1 {[%clk 00:14:34]} {[%emt 00:03:07]}
Rd8 {[%clk 00:32:02]} {[%emt 00:00:39]} 32. Qd3 {[%clk 00:13:26]} {[%emt
00:01:38]} a6 {[%clk 00:30:52]} {[%emt 00:01:41]} 33. Qd4 {[%clk 00:12:23]}
{[%emt 00:01:33]} Qa3 {[%clk 00:28:23]} {[%emt 00:02:59]} 34. Rd2 {[%clk
00:11:21]} {[%emt 00:01:33]} Qc1+ {[%clk 00:28:29]} {[%emt 00:00:23]} 35. Kh2
{[%clk 00:09:51]} {[%emt 00:02:00]} Re8 {[%clk 00:23:09]} {[%emt 00:05:50]} 36.
Rd1 {[%clk 00:08:38]} {[%emt 00:01:42]} Qc2 {[%clk 00:22:01]} {[%emt 00:01:38]}
37. Qxd5 {[%clk 00:08:20]} {[%emt 00:00:49]} Qxc3 {[%clk 00:22:24]} {[%emt
00:00:07]} 38. Rf1 {[%clk 00:08:25]} {[%emt 00:00:24]} Qc7+ {[%clk 00:22:47]}
{[%emt 00:00:07]} 39. Kh1 {[%clk 00:07:29]} {[%emt 00:01:26]} Re6 {[%clk
00:20:05]} {[%emt 00:03:11]} 40. g5 {[%clk 00:05:12]} {[%emt 00:02:49]} Qg3
{[%clk 00:18:47]} {[%emt 00:01:47]} 41. Qf5 {[%clk 00:04:42]} {[%emt 00:01:00]}
Qc7 {[%clk 00:17:14]} {[%emt 00:02:03]} 42. h4 {[%clk 00:03:45]} {[%emt
00:01:28]} 1/2-1/2

[Event "25th 4NCL Congress"]
[Site "Leamington Spa, United Kingdom"]
[Date "2021.07.10"]
[Round "3.16"]
[White "Makkar, Rajat"]
[Black "Moyse, Nigel J"]
[Result "1-0"]
[TimeControl "All moves in 90 minutes + 30 seconds per move"]
[WhiteElo "2230"]
[BlackElo "2036"]

1. d4 {[%clk 01:30:50]} {[%emt 00:00:09]} Nf6 {[%clk 01:30:45]} {[%emt
00:00:13]} 2. c4 {[%clk 01:31:11]} {[%emt 00:00:11]} g6 {[%clk 01:31:04]}
{[%emt 00:00:10]} 3. g3 {[%clk 01:31:27]} {[%emt 00:00:14]} Bg7 {[%clk
01:30:19]} {[%emt 00:01:16]} 4. Bg2 {[%clk 01:31:49]} {[%emt 00:00:08]} O-O
{[%clk 01:30:35]} {[%emt 00:00:13]} 5. Nc3 {[%clk 01:32:13]} {[%emt 00:00:06]}
d6 {[%clk 01:30:52]} {[%emt 00:00:13]} 6. Nf3 {[%clk 01:32:30]} {[%emt
00:00:12]} Nbd7 {[%clk 01:31:13]} {[%emt 00:00:10]} 7. O-O {[%clk 01:32:44]}
{[%emt 00:00:16]} Re8 {[%clk 01:31:37]} {[%emt 00:00:06]} 8. e4 {[%clk
01:32:50]} {[%emt 00:00:24]} e5 {[%clk 01:31:56]} {[%emt 00:00:12]} 9. h3
{[%clk 01:32:54]} {[%emt 00:00:26]} exd4 {[%clk 01:31:24]} {[%emt 00:01:02]} 10.
Nxd4 {[%clk 01:33:10]} {[%emt 00:00:14]} Nc5 {[%clk 01:28:19]} {[%emt
00:03:35]} 11. Re1 {[%clk 01:33:12]} {[%emt 00:00:28]} a5 {[%clk 01:28:35]}
{[%emt 00:00:14]} 12. Rb1 {[%clk 01:32:26]} {[%emt 00:01:16]} c6 {[%clk
01:28:04]} {[%emt 00:01:01]} 13. b3 {[%clk 01:32:30]} {[%emt 00:00:26]} Ne6
{[%clk 01:23:02]} {[%emt 00:05:33]} 14. Be3 {[%clk 01:29:25]} {[%emt 00:03:34]}
Qc7 {[%clk 01:19:43]} {[%emt 00:03:50]} 15. Qd2 {[%clk 01:21:30]} {[%emt
00:08:24]} Nc5 {[%clk 01:16:28]} {[%emt 00:03:45]} 16. Qc2 {[%clk 01:17:07]}
{[%emt 00:04:52]} Rb8 {[%clk 01:08:55]} {[%emt 00:08:01]} 17. Rbd1 {[%clk
01:15:25]} {[%emt 00:02:14]} Ne6 {[%clk 01:08:20]} {[%emt 00:01:06]} 18. Nxe6
{[%clk 01:13:49]} {[%emt 00:02:06]} fxe6 {[%clk 01:07:15]} {[%emt 00:01:34]} 19.
c5 {[%clk 01:11:21]} {[%emt 00:02:58]} d5 {[%clk 00:59:49]} {[%emt 00:07:56]}
20. exd5 {[%clk 01:08:06]} {[%emt 00:03:45]} Nxd5 {[%clk 00:59:12]} {[%emt
00:01:07]} 21. Nxd5 {[%clk 01:08:06]} {[%emt 00:00:32]} cxd5 {[%clk 00:59:08]}
{[%emt 00:00:34]} 22. h4 {[%clk 00:44:14]} {[%emt 00:24:21]} Ra8 {[%clk
00:54:02]} {[%emt 00:05:36]} 23. Bf4 {[%clk 00:41:54]} {[%emt 00:02:49]} Qf7
{[%clk 00:52:26]} {[%emt 00:02:06]} 24. Be5 {[%clk 00:39:05]} {[%emt 00:03:19]}
Bd7 {[%clk 00:50:39]} {[%emt 00:02:17]} 25. Qc3 {[%clk 00:36:38]} {[%emt
00:02:54]} Rec8 {[%clk 00:49:11]} {[%emt 00:02:00]} 26. Bxg7 {[%clk 00:33:32]}
{[%emt 00:03:36]} Qxg7 {[%clk 00:49:32]} {[%emt 00:00:08]} 27. Qxg7+ {[%clk
00:33:48]} {[%emt 00:00:14]} Kxg7 {[%clk 00:49:54]} {[%emt 00:00:08]} 28. Bxd5
{[%clk 00:34:01]} {[%emt 00:00:17]} exd5 {[%clk 00:44:19]} {[%emt 00:06:05]} 29.
Re7+ {[%clk 00:34:22]} {[%emt 00:00:09]} Kf6 {[%clk 00:43:26]} {[%emt
00:01:22]} 30. Rxd7 {[%clk 00:33:03]} {[%emt 00:01:50]} Rxc5 {[%clk 00:43:48]}
{[%emt 00:00:09]} 31. Rxb7 {[%clk 00:28:49]} {[%emt 00:04:44]} Rd8 {[%clk
00:40:29]} {[%emt 00:03:48]} 32. Rxh7 {[%clk 00:25:06]} {[%emt 00:04:12]} Rc2
{[%clk 00:31:15]} {[%emt 00:09:45]} 33. a4 {[%clk 00:22:40]} {[%emt 00:02:56]}
d4 {[%clk 00:27:36]} {[%emt 00:04:08]} 34. Rd3 {[%clk 00:19:34]} {[%emt
00:03:36]} Ke5 {[%clk 00:27:16]} {[%emt 00:00:50]} 35. Re7+ {[%clk 00:16:33]}
{[%emt 00:03:31]} Kd5 {[%clk 00:27:16]} {[%emt 00:00:29]} 36. Re1 {[%clk
00:16:02]} {[%emt 00:01:01]} Kc5 {[%clk 00:23:25]} {[%emt 00:04:22]} 37. Re5+
{[%clk 00:13:34]} {[%emt 00:02:59]} Rd5 {[%clk 00:22:40]} {[%emt 00:01:16]} 38.
Re4 {[%clk 00:13:52]} {[%emt 00:00:11]} Rf5 {[%clk 00:15:50]} {[%emt 00:07:20]}
39. Rdxd4 {[%clk 00:13:00]} {[%emt 00:01:23]} Rcxf2 {[%clk 00:15:53]} {[%emt
00:00:26]} 40. Rf4 {[%clk 00:11:13]} {[%emt 00:02:18]} R5xf4 {[%clk 00:14:51]}
{[%emt 00:01:32]} 41. Rxf4 {[%clk 00:11:34]} {[%emt 00:00:08]} Rb2 {[%clk
00:14:22]} {[%emt 00:00:59]} 42. Rc4+ {[%clk 00:11:20]} {[%emt 00:00:43]} Kd5
{[%clk 00:14:25]} {[%emt 00:00:27]} 43. Rg4 {[%clk 00:11:39]} {[%emt 00:00:10]}
Rxb3 {[%clk 00:14:10]} {[%emt 00:00:46]} 44. Rxg6 {[%clk 00:10:18]} {[%emt
00:01:51]} Rb2 {[%clk 00:13:08]} {[%emt 00:01:33]} 45. Rg4 {[%clk 00:09:49]}
{[%emt 00:00:59]} Ke5 {[%clk 00:13:13]} {[%emt 00:00:25]} 46. Rf4 {[%clk
00:08:16]} {[%emt 00:02:01]} Rc2 {[%clk 00:13:09]} {[%emt 00:00:35]} 47. h5
{[%clk 00:08:08]} {[%emt 00:00:38]} Rc8 {[%clk 00:13:11]} {[%emt 00:00:28]} 48.
h6 {[%clk 00:08:03]} {[%emt 00:00:35]} Rh8 {[%clk 00:13:24]} {[%emt 00:00:18]}
49. Rh4 {[%clk 00:08:10]} {[%emt 00:00:22]} Rh7 {[%clk 00:13:53]} {[%emt
00:00:02]} 50. Rh5+ {[%clk 00:07:43]} {[%emt 00:00:56]} Ke4 {[%clk 00:14:12]}
{[%emt 00:00:12]} 51. Kg2 {[%clk 00:07:59]} {[%emt 00:00:13]} Ke3 {[%clk
00:14:18]} {[%emt 00:00:16]} 52. Kh3 {[%clk 00:07:50]} {[%emt 00:00:49]} Kf3
{[%clk 00:14:21]} {[%emt 00:00:27]} 53. Kh4 {[%clk 00:07:57]} {[%emt 00:00:21]}
1-0

[Event "25th 4NCL Congress"]
[Site "Leamington Spa, United Kingdom"]
[Date "2021.07.10"]
[Round "3.17"]
[White "Munshi, Aditya"]
[Black "Stoica, Savas Marin"]
[Result "0-1"]
[TimeControl "All moves in 90 minutes + 30 seconds per move"]
[WhiteElo "2069"]
[BlackElo "1833"]

1. e4 {[%clk 01:30:57]} {[%emt 00:03:38]} c5 {[%clk 01:30:55]} 2. Nf3 {[%clk
01:31:25]} Nc6 {[%clk 01:31:03]} 3. Bb5 {[%clk 01:31:51]} g6 {[%clk 01:31:26]}
4. Bxc6 {[%clk 01:32:11]} bxc6 {[%clk 01:31:45]} 5. O-O {[%clk 01:32:30]} Bg7
{[%clk 01:32:10]} 6. Re1 {[%clk 01:32:48]} Nh6 {[%clk 01:31:29]} 7. c3 {[%clk
01:32:22]} O-O {[%clk 01:31:47]} 8. d4 {[%clk 01:32:37]} cxd4 {[%clk 01:30:45]}
9. cxd4 {[%clk 01:33:04]} f6 {[%clk 01:24:20]} 10. Nc3 {[%clk 01:32:46]} Nf7
{[%clk 01:24:35]} 11. h3 {[%clk 01:31:30]} d6 {[%clk 01:24:43]} 12. Be3 {[%clk
01:30:47]} Bd7 {[%clk 01:20:38]} 13. Qd2 {[%clk 01:29:45]} Qc7 {[%clk
01:17:51]} 14. Rac1 {[%clk 01:28:49]} Qb7 {[%clk 01:16:06]} 15. b3 {[%clk
01:28:57]} Rad8 {[%clk 01:15:03]} 16. Red1 {[%clk 01:26:22]} Qb8 {[%clk
01:02:43]} 17. Qe2 {[%clk 01:04:27]} f5 {[%clk 00:48:28]} 18. Nd2 {[%clk
00:50:25]} e6 {[%clk 00:33:58]} 19. f3 {[%clk 00:49:05]} g5 {[%clk 00:30:56]}
20. Na4 {[%clk 00:46:04]} Qb5 {[%clk 00:26:47]} 21. Nc4 {[%clk 00:43:12]} f4
{[%clk 00:24:33]} 22. Bf2 {[%clk 00:43:15]} Rfe8 {[%clk 00:20:49]} 23. Qe1
{[%clk 00:28:44]} h5 {[%clk 00:15:50]} {[%emt 00:01:49]} 24. Rc2 {[%clk
00:26:00]} {[%emt 00:03:14]} Bf8 {[%clk 00:13:45]} {[%emt 00:02:36]} 25. Ncb2
{[%clk 00:15:56]} {[%emt 00:10:33]} e5 {[%clk 00:10:37]} {[%emt 00:03:39]} 26.
d5 {[%clk 00:10:22]} {[%emt 00:06:03]} c5 {[%clk 00:10:43]} {[%emt 00:00:24]}
27. Rd3 {[%clk 00:02:51]} {[%emt 00:08:01]} Qa6 {[%clk 00:10:26]} {[%emt
00:00:48]} 28. Nc3 {[%clk 00:00:36]} {[%emt 00:02:45]} Be7 {[%clk 00:10:38]}
{[%emt 00:00:19]} 29. Nc4 {[%clk 00:00:35]} {[%emt 00:00:30]} Rb8 {[%clk
00:10:30]} {[%emt 00:00:38]} 30. Kh1 {[%clk 00:00:32]} {[%emt 00:00:33]} Kh7
{[%clk 00:10:28]} {[%emt 00:00:31]} 31. Qe2 {[%clk 00:00:32]} {[%emt 00:00:30]}
Rg8 {[%clk 00:10:47]} {[%emt 00:00:12]} 32. Qe1 {[%clk 00:00:33]} {[%emt
00:00:29]} Bd8 {[%clk 00:10:53]} {[%emt 00:00:24]} 33. Kg1 {[%clk 00:00:36]}
{[%emt 00:00:26]} g4 {[%clk 00:08:13]} {[%emt 00:03:10]} 34. hxg4 {[%clk
00:00:50]} {[%emt 00:00:17]} hxg4 {[%clk 00:08:14]} {[%emt 00:00:29]} 35. fxg4
{[%clk 00:00:33]} {[%emt 00:00:47]} Ng5 {[%clk 00:08:15]} {[%emt 00:00:29]} 36.
Bh4 {[%clk 00:00:32]} {[%emt 00:00:31]} Kg6 {[%clk 00:08:14]} {[%emt 00:00:31]}
37. Kf2 {[%clk 00:00:32]} {[%emt 00:00:30]} Bxg4 {[%clk 00:07:57]} {[%emt
00:00:46]} 38. Na4 {[%clk 00:00:32]} {[%emt 00:00:30]} Rh8 {[%clk 00:05:57]}
{[%emt 00:02:29]} 39. Bxg5 {[%clk 00:00:32]} {[%emt 00:00:32]} Bxg5 {[%clk
00:06:25]} {[%emt 00:00:02]} 40. Qd2 {[%clk 00:00:31]} {[%emt 00:00:31]} Rh1
{[%clk 00:06:13]} {[%emt 00:00:41]} 41. Nxc5 {[%clk 00:00:34]} {[%emt
00:00:29]} Bh4+ {[%clk 00:05:53]} {[%emt 00:00:49]} 42. g3 {[%clk 00:01:02]}
{[%emt 00:00:01]} fxg3+ {[%clk 00:05:53]} {[%emt 00:00:30]} 43. Rxg3 {[%clk
00:00:41]} {[%emt 00:00:51]} Qc8 {[%clk 00:03:58]} {[%emt 00:02:25]} 44. Nxd6
{[%clk 00:00:48]} {[%emt 00:00:23]} Qf8+ {[%clk 00:03:11]} {[%emt 00:01:17]} 45.
Nf5 {[%clk 00:00:52]} {[%emt 00:00:26]} Rh2+ {[%clk 00:03:27]} {[%emt
00:00:15]} 46. Ke3 {[%clk 00:00:31]} {[%emt 00:00:51]} Bg5+ {[%clk 00:02:41]}
{[%emt 00:01:15]} 47. Kd3 {[%clk 00:00:53]} {[%emt 00:00:08]} Rxd2+ {[%clk
00:03:04]} {[%emt 00:00:07]} 48. Rxd2 {[%clk 00:01:20]} {[%emt 00:00:05]} Bxd2
{[%clk 00:01:16]} {[%emt 00:02:14]} 49. Rxg4+ {[%clk 00:01:26]} {[%emt
00:00:27]} Kf7 {[%clk 00:00:45]} {[%emt 00:01:01]} 50. Ne6 {[%clk 00:00:32]}
{[%emt 00:01:24]} Qb4 {[%clk 00:00:35]} {[%emt 00:00:40]} 51. Rg7+ {[%clk
00:00:32]} {[%emt 00:00:29]} Kf6 {[%clk 00:01:03]} {[%emt 00:00:01]} 52. d6
{[%clk 00:00:31]} {[%emt 00:00:32]} Kxe6 {[%clk 00:01:04]} {[%emt 00:00:28]} 53.
Re7+ {[%clk 00:00:54]} {[%emt 00:00:07]} Kf6 {[%clk 00:01:30]} {[%emt
00:00:04]} 54. Rg7 {[%emt 00:00:29]} 0-1

[Event "25th 4NCL Congress"]
[Site "Leamington Spa, United Kingdom"]
[Date "2021.07.10"]
[Round "3.18"]
[White "Paterson, Andrew I"]
[Black "Truman, Richard G"]
[Result "1-0"]
[TimeControl "All moves in 90 minutes + 30 seconds per move"]
[WhiteElo "2046"]
[BlackElo "1913"]

1. e4 {[%clk 01:30:48]} {[%emt 00:00:12]} e5 {[%clk 01:30:51]} 2. Nf3 {[%clk
01:30:49]} Nc6 {[%clk 01:31:14]} 3. Bb5 {[%clk 01:31:11]} a6 {[%clk 01:31:38]}
4. Ba4 {[%clk 01:31:35]} Nf6 {[%clk 01:32:02]} 5. d3 {[%clk 01:31:57]} d6
{[%clk 01:29:14]} 6. c3 {[%clk 01:32:13]} g6 {[%clk 01:28:43]} 7. O-O {[%clk
01:26:52]} Bg7 {[%clk 01:28:47]} 8. Re1 {[%clk 01:25:39]} O-O {[%clk 01:27:21]}
9. Nbd2 {[%clk 01:24:47]} b5 {[%clk 01:22:29]} 10. Bc2 {[%clk 01:25:02]} Re8
{[%clk 01:15:33]} 11. d4 {[%clk 01:22:49]} Bb7 {[%clk 01:04:12]} 12. a4 {[%clk
01:20:12]} d5 {[%clk 01:02:44]} 13. Nxe5 {[%clk 01:10:03]} Nxe5 {[%clk
01:03:01]} 14. dxe5 {[%clk 01:10:24]} Rxe5 {[%clk 01:03:10]} 15. f4 {[%clk
01:07:35]} Re8 {[%clk 01:02:23]} 16. e5 {[%clk 01:05:36]} Nd7 {[%clk 00:52:56]}
17. Nb3 {[%clk 01:05:13]} c5 {[%clk 00:52:49]} 18. Be3 {[%clk 01:01:44]} Qc7
{[%clk 00:50:31]} 19. axb5 {[%clk 00:59:40]} axb5 {[%clk 00:50:52]} 20. Qe2
{[%clk 00:59:29]} f6 {[%clk 00:44:53]} 21. Rxa8 {[%clk 00:37:46]} Bxa8 {[%clk
00:45:12]} 22. e6 {[%clk 00:36:10]} Rxe6 {[%clk 00:44:50]} 23. f5 {[%clk
00:36:24]} Re5 {[%clk 00:39:17]} 24. fxg6 {[%clk 00:34:31]} hxg6 {[%clk
00:29:23]} 25. Qf2 {[%clk 00:27:36]} f5 {[%clk 00:21:04]} {[%emt 00:00:01]} 26.
Ra1 {[%clk 00:25:58]} {[%emt 00:01:53]} Qc6 {[%clk 00:19:02]} {[%emt 00:02:32]}
27. Nxc5 {[%clk 00:21:33]} {[%emt 00:04:55]} Nxc5 {[%clk 00:09:22]} {[%emt
00:10:10]} 28. Bxc5 {[%clk 00:21:56]} {[%emt 00:00:07]} Bb7 {[%clk 00:09:28]}
{[%emt 00:00:24]} 29. Bd4 {[%clk 00:20:18]} {[%emt 00:02:08]} Re7 {[%clk
00:08:21]} {[%emt 00:01:36]} 30. Bxg7 {[%clk 00:16:12]} {[%emt 00:04:36]} Kxg7
{[%clk 00:08:49]} {[%emt 00:00:02]} 31. Qd4+ {[%clk 00:14:44]} {[%emt
00:01:58]} Kg8 {[%clk 00:07:13]} {[%emt 00:02:05]} 32. Bd3 {[%clk 00:11:04]}
{[%emt 00:04:11]} Qe8 {[%clk 00:04:25]} {[%emt 00:03:18]} 33. Kf2 {[%clk
00:10:33]} {[%emt 00:01:00]} Bc6 {[%clk 00:04:36]} {[%emt 00:00:19]} 34. Ra6
{[%clk 00:09:14]} {[%emt 00:01:49]} Re5 {[%clk 00:02:34]} {[%emt 00:02:33]} 35.
Rxc6 {[%clk 00:08:44]} {[%emt 00:00:59]} 1-0

[Event "25th 4NCL Congress"]
[Site "Leamington Spa, United Kingdom"]
[Date "2021.07.10"]
[Round "3.19"]
[White "Farrington, Edward J"]
[Black "Adams, Mark A"]
[Result "1/2-1/2"]
[TimeControl "All moves in 90 minutes + 30 seconds per move"]
[WhiteElo "1983"]
[BlackElo "1944"]

1. d3 {[%clk 01:30:58]} {[%emt 00:00:02]} d5 {[%clk 01:30:26]} {[%emt
00:00:34]} 2. d4 {[%clk 01:31:24]} {[%emt 00:00:06]} Nf6 {[%clk 01:30:44]}
{[%emt 00:00:10]} 3. Nf3 {[%clk 01:31:47]} {[%emt 00:00:07]} Bf5 {[%clk
01:28:55]} {[%emt 00:02:19]} 4. c4 {[%clk 01:32:04]} {[%emt 00:00:14]} e6
{[%clk 01:28:37]} {[%emt 00:00:48]} 5. Nc3 {[%clk 01:32:21]} {[%emt 00:00:13]}
c6 {[%clk 01:24:36]} {[%emt 00:04:31]} 6. Qb3 {[%clk 01:32:41]} {[%emt
00:00:09]} Qc8 {[%clk 01:25:02]} {[%emt 00:00:05]} 7. Nh4 {[%clk 01:32:39]}
{[%emt 00:00:29]} Bg6 {[%clk 01:24:51]} {[%emt 00:00:44]} 8. f3 {[%clk
01:30:35]} {[%emt 00:02:33]} Bd6 {[%clk 01:16:53]} {[%emt 00:08:28]} 9. Bg5
{[%clk 01:16:33]} {[%emt 00:14:33]} Nbd7 {[%clk 01:11:42]} {[%emt 00:05:41]} 10.
cxd5 {[%clk 01:14:10]} {[%emt 00:02:53]} exd5 {[%clk 01:10:41]} {[%emt
00:01:31]} 11. O-O-O {[%clk 00:59:59]} {[%emt 00:14:41]} Qc7 {[%emt 00:23:23]}
1/2-1/2